| 000 | 00764nam a22001937a 4500 | ||
|---|---|---|---|
| 005 | 20240206104809.0 | ||
| 010 | _aHIN-126805 | ||
| 020 |
_c599.00 _a9789392766015 |
||
| 035 | _aHN-99151 | ||
| 037 | _bDBAD/PUB | ||
| 082 | _a920 | ||
| 100 |
_aभगत,अनीता _961692 |
||
| 245 |
_aविनोबा भावे/ _cअनीता भगत |
||
| 260 |
_aउ.प्र _bफाल्गुनी पब्लिशर्स &डिस्ट्रीब्यूटर _c2023 |
||
| 270 | _aRTB-160, रॉयल टावर, सिपरा सनसिटी,इन्द्रपुरम, ग़ाज़ियाबाद-201014 | ||
| 300 |
_a128p. _c23cm(hbk) |
||
| 710 |
_eEditor _959600 |
||
| 942 |
_2ddc _cHN _h920 _mभगत |
||
| 999 |
_c200294 _d200294 |
||